000 00346nam a22001457a 4500
999 _c8122
_d8122
003 OSt
005 20200804154528.0
008 200804b ||||| |||| 00| 0 eng d
020 _a9780141188621
082 _a813.52
_bRAN
100 _aRand, Ayn; Peikoff, Leonard
245 _aThe fountainhead
260 _aUK
_bPenguin books
_c1994
942 _2ddc